000 00600nam a2200229Ia 4500
003 OSt
005 20221007064554.0
006 a|||||r|||| 00| 0
007 ta
008 221006b |||||||| |||| 00| 0 eng d
024 _a17,284
037 _cTextual
040 _aFLL
_cFLL
_beng
041 _2eng
_aeng
082 _aXM65:828:Z73, K2
100 _aBacon J. Au.
_9685979
245 0 _aCorporate directorship practices
260 _aDelhi
_bIndia
_c1962
300 _a170p
_ccm.
942 _hXM65:828:Z73, K2
_cTEXL
_2CC
999 _c1134496
_d1134496